Normal view
MARC view
Entry Personal Name
001 - CONTROL NUMBER
- control field: 874125
003 - CONTROL NUMBER IDENTIFIER
- control field: OSt
005 - DATE AND TIME OF LATEST TRANSACTION
- control field: 20260114185750.0
008 - FIXED-LENGTH DATA ELEMENTS
- fixed length control field: 260114|| aca||aabn | a|a d
040 ## - CATALOGING SOURCE
- Original cataloging agency: OSt
- Transcribing agency: OSt
100 ## - HEADING--PERSONAL NAME
- Personal name: Neboj?a Tabacki
670 ## - SOURCE DATA FOUND
- Source citation: Work cat.: (OSt)1473061: Neboj?a Tabacki, Consuming Scenography The Shopping Mall as a Theatrical Experience, 2020
